000 00567nam a2200229Ia 4500
003 OSt
005 20220918204000.0
006 a|||||r|||| 00| 0
007 ta
008 220917b |||||||| |||| 00| 0 eng d
024 _a110,496
037 _cTextual
040 _aARTS
_cARTS
_beng
041 _2eng
_aeng
082 _aV5:4:N1, F9
100 _aCarey and Scott
_9110296
245 0 _aOutline history of the great war
260 _c1929
650 _aHISTORY
942 _hV5:4:N1, F9
_cTEXL
_2CC
999 _c233846
_d233846